[Event "Bytom Black Horse School Cup"]
[Site "Bytom"]
[Date "2023.01.28"]
[Round "3"]
[White "Golubka, Petr"]
[Black "Golimowski, Pawel"]
[Result "1-0"]
[WhiteElo "2406"]
[BlackElo "1681"]
[PlyCount "55"]
[EventDate "2023.01.28"]
[EventType "swiss (rapid)"]
[EventRounds "9"]
[EventCountry "POL"]
[SourceTitle "CBM 213 Extra"]
[Source "ChessBase"]
[SourceDate "2023.05.31"]
[SourceVersion "1"]
[SourceVersionDate "2023.05.31"]
[SourceQuality "1"]

1. e4 d6 2. d4 Nf6 3. f3 c6 4. c4 Qc7 5. Nc3 e5 6. Nge2 Be7 7. Be3 b6 8. d5 Ba6 9. Qa4 Bb7 10. g4 0-0 11. Ng3 g6 12. h4 Nbd7 13. Rc1 Nc5 14. Qd1 a5 15. h5 cxd5 16. cxd5 Qd7 17. Bb5 Qd8 18. Qd2 Bc8 19. Qh2 Bxg4 20. fxg4 Nxg4 21. Qh3 Bg5 22. hxg6 h6 23. g7 Nxe3 24. gxf8R+ Qxf8 25. Nd1 Nxd1 26. Rxd1 Qg7 27. Ke2 Qg6 28. Qf5 1-0

[Event "POL Cup op blitz"]
[Site "Lodz"]
[Date "2021.08.08"]
[Round "12"]
[White "Golimowski, Pawel"]
[Black "Scibior, Adam"]
[Result "0-1"]
[WhiteElo "1789"]
[BlackElo "2229"]
[PlyCount "76"]
[EventDate "2021.08.08"]
[EventType "swiss (blitz)"]
[EventRounds "13"]
[EventCountry "POL"]
[SourceTitle "CBM 203 Extra"]
[Source "ChessBase"]
[SourceDate "2021.09.30"]
[SourceVersion "1"]
[SourceVersionDate "2021.09.30"]
[SourceQuality "1"]

1. e4 e6 2. d4 d5 3. Nd2 Nf6 4. e5 Nfd7 5. Bd3 c5 6. c3 Nc6 7. Ne2 cxd4 8. cxd4 f6 9. exf6 Qxf6 10. Nf3 h6 11. a3 Bd6 12. 0-0 0-0 13. Bc2 Rd8 14. Qd3 Nf8 15. Ng3 Bd7 16. Bd2 Be8 17. Bc3 Bg6 18. Qd2 Bxc2 19. Qxc2 Rac8 20. Qd3 Ng6 21. Rae1 Nf4 22. Qd2 Rf8 23. Ne5 Bxe5 24. dxe5 Qg5 25. Kh1 d4 26. Bb4 Nxb4 27. Qxb4 Nd3 28. f4 Qh4 29. Qxd4 Nxe1 30. Rxe1 Qxf4 31. Qd6 Rc6 32. Qe7 Qf7 33. Qb4 Rc2 34. h3 Qf2 35. Qe4 Qxg3 36. Qxc2 Qxe1+ 37. Kh2 Qxe5+ 38. Kh1 Rf1# 0-1